000 01040cam a2200325 i 4500
999 _c24497
_d24497
001 2769943
003 BDDh-ASL
005 20231015030356.0
008 800102r19801839ii abd b 000 0 eng
010 _a 79912757
020 _cRs140.00 (v. 1)
040 _aDLC
_cDLC
_dDLC
_dBDDh-ASL
043 _aa------
050 0 0 _aDS3
_b.A85 1979
082 0 0 _a950
_bASI
110 2 _aAsiatic Society (Kolkata, India)
245 1 0 _aAsiatic Researches, Vol.-23 :
_bcomprising history and antiquities, the arts, sciences, and literature of Asia/
260 _aNew Delhi :
_bCosmo Publications,
_c1980.
300 _a245-585 p. :
_bill. ;
_c23 cm.
500 _aReprint of the 1788-1839 ed. published by the Asiatic Society, Calcutta.
504 _aIncludes bibliographical references.
650 0 _91349
_aHistory
650 0 _93556
_aAntiquities
650 0 _92881
_aArts
650 0 _93359
_aScience
650 0 _91335
_aLiterature
651 0 _aAsia.
906 _a7
_bcbc
_corignew
_d4
_encip
_f19
_gy-gencatlg
942 _2ddc
_cBK